German Cities - Sudden Death - Statistics

General Stats
  • This quiz has been taken 64 times
    44 since last reset
  • The average score is 10 of 16
Answers on the Grid
Answers color-coded by a green-red scale on the quiz's grid according to % correct below.
Bonn
Leinster
Fragartt
Augsburg
Berlin
Sabrien
Rotterdam
Dresden
Hamburg
Guatel
Dessuldorf
Bremen
Heinfrank
Mannheim
Hehmann
Hanover
Wuppertal
Valencia
Zealand
Bochum
Oslovann
Tocann
Leipzig
Siegen
Banana
Stuttyart
Kiel
Jena
Surgan
Copenhagen
Mainz
Duisburg
 
Answer Stats
Answer % Correct
Berlin
92%
Dresden
92%
Hamburg
83%
Bonn
75%
Augsburg
67%
Bremen
58%
Duisburg
58%
Hanover
58%
Leipzig
58%
Kiel
50%
Mainz
50%
Wuppertal
50%
Bochum
42%
Mannheim
42%
Siegen
42%
Jena
33%
No matching quizzes found
Score Distribution
Percent of People with Each Score
Percentile by Number Answered
Your Score History
You have not taken this quiz since the last reset